[Event "SR 2. liga A 2018/2019"]
[Site "?"]
[Date "2018.12.16"]
[Round "6.5"]
[White "Gazi, Mikulas"]
[Black "Lesny, Stefan"]
[Result "0-1"]
[WhiteElo "2005"]
[BlackElo "2025"]
[PlyCount "152"]
[EventDate "2018.??.??"]
[WhiteTeam "KS Pezinok"]
[BlackTeam "SK Senec"]

1. e4 e5 2. Nf3 Nf6 3. Bc4 Nxe4 4. d4 d5 5. Bb3 exd4 6. Qxd4 Be6 7. O-O Qf6 8.
Nbd2 Qxd4 9. Nxd4 Nxd2 10. Bxd2 Na6 11. Ba4+ Bd7 12. Rfe1+ Kd8 13. Bxd7 Kxd7
14. Nf5 c6 15. b3 g6 16. Ne3 Bg7 17. Rad1 Rhe8 18. c4 d4 19. Nc2 c5 20. b4 b6
21. bxc5 bxc5 22. Rb1 Rxe1+ 23. Nxe1 Rb8 24. Rxb8 Nxb8 25. Nd3 Kc6 26. f4 Nd7
27. Kf2 Nb6 28. Nb2 d3 29. Nxd3 Nxc4 30. Bc1 f5 31. Kf3 Kd5 32. g4 Bc3 33. h4
Nd6 34. h5 c4 35. Nf2 a5 36. hxg6 hxg6 37. gxf5 gxf5 38. Nd1 Bd4 39. Bd2 a4 40.
Bb4 Nb5 41. Ne3+ Bxe3 42. Kxe3 Nd4 43. Bc3 Ne6 44. Bb4 Nd4 45. Bc3 Nc2+ 46. Kd2
Na3 47. Bb4 Nb5 48. Ke3 Ke6 49. Bc5 Kf6 50. Bb4 Kg6 51. Be1 Kh5 52. Kf3 Nd4+
53. Kg3 Ne2+ 54. Kf3 Nc1 55. a3 Nb3 56. Bc3 Kh4 57. Be5 Kh3 58. Bd6 Nd4+ 59.
Ke3 Nb5 60. Be5 Kg3 61. Bb8 Kg2 62. Ke2 Nxa3 63. Bd6 Nb5 64. Be5 Kg3 65. Ke3
Kg4 66. Bb8 Kh5 67. Be5 Kg6 68. Kd2 Kf7 69. Kc2 Ke6 70. Bg7 Kd5 71. Bf8 Nd4+
72. Kc3 Ne2+ 73. Kb4 Nxf4 74. Kxa4 Ke4 75. Ka3 Kd3 76. Kb2 Ne2 0-1

[Event "SR 2. liga A 2018/2019"]
[Site "?"]
[Date "2018.12.16"]
[Round "6.6"]
[White "Pozsar, Peter"]
[Black "Syrovy, Ivan"]
[Result "0-1"]
[WhiteElo "1884"]
[BlackElo "1972"]
[PlyCount "54"]
[EventDate "2018.??.??"]
[WhiteTeam "SK Senec"]
[BlackTeam "KS Pezinok"]

1. e4 d6 2. d4 Nf6 3. Nc3 g6 4. Be2 Bg7 5. Nf3 c6 6. O-O O-O 7. h3 Qc7 8. Be3
e5 9. Qd2 Re8 10. dxe5 dxe5 11. Bh6 Be6 12. Bxg7 Kxg7 13. Rfd1 b5 14. Qe3 Nbd7
15. Ng5 a5 16. Nxe6+ Rxe6 17. a3 Qa7 18. Qxa7 Rxa7 19. g4 h6 20. f3 g5 21. Bf1
Nb6 22. b3 a4 23. b4 Ne8 24. Nd5 cxd5 25. exd5 Rf6 26. Bxb5 Nd6 27. Kg2 Nxb5
0-1

[Event "SR 2. liga A 2018/2019"]
[Site "?"]
[Date "2018.12.16"]
[Round "6.7"]
[White "Mrkvik, Jan"]
[Black "Ujhelyi, Matus"]
[Result "0-1"]
[WhiteElo "1920"]
[BlackElo "1873"]
[PlyCount "54"]
[EventDate "2018.??.??"]
[WhiteTeam "KS Pezinok"]
[BlackTeam "SK Senec"]

1. Nf3 d5 2. g3 Nc6 3. d4 Bg4 4. Bg2 e6 5. O-O Be7 6. b3 Qd7 7. c4 h5 8. h4
O-O-O 9. cxd5 exd5 10. Nc3 f6 11. Re1 g5 12. hxg5 h4 13. Nxh4 Bh3 14. Bxd5 Rxh4
15. gxh4 Qg4+ 16. Kh2 Rxd5 17. Rg1 Qxh4 18. Rg3 Be6+ 19. Kg1 Rxd4 20. Qf1 Bd6
21. Rg2 Bh3 22. f3 Bxg2 23. Qxg2 Qe1+ 24. Qf1 Qxc3 25. Qh3+ Kd8 26. Rb1 Qe1+
27. Kg2 Qxe2+ 0-1

[Event "SR 2. liga A 2018/2019"]
[Site "?"]
[Date "2018.12.16"]
[Round "6.8"]
[White "Halasz, Adam"]
[Black "Hulla, Stanislav"]
[Result "1-0"]
[WhiteElo "1750"]
[BlackElo "1963"]
[PlyCount "103"]
[EventDate "2018.??.??"]
[WhiteTeam "SK Senec"]
[BlackTeam "KS Pezinok"]

1. e4 e6 2. Nf3 d5 3. exd5 exd5 4. d4 Bd6 5. Bd3 Ne7 6. O-O Nbc6 7. Re1 Bg4 8.
c3 Qd7 9. Bg5 f6 10. Bh4 O-O-O 11. Nbd2 g5 12. Bg3 Bxg3 13. fxg3 h5 14. h3 Bf5
15. Nb3 Bxd3 16. Qxd3 b6 17. a4 Rdg8 18. Nfd2 f5 19. a5 h4 20. axb6 cxb6 21. c4
g4 22. cxd5 Nxd5 23. Rec1 Rh6 24. Nc4 Kb8 25. Ne5 Nxe5 26. dxe5 gxh3 27. Rd1
Rd8 28. gxh4 Rg6 29. g3 Qg7 30. Kh2 f4 31. Rg1 Qxe5 32. Qxg6 Qe2+ 33. Kxh3 fxg3
34. Qxg3+ Ka8 35. Rg2 Qe6+ 36. Kh2 a5 37. Nd4 Qf7 38. Nc6 Rh8 39. Ne5 Qf6 40.
Nf3 Nf4 41. Rf2 Ng6 42. Ng5 Qd4 43. Nf3 Qf6 44. Rg1 Nxh4 45. Nxh4 Rxh4+ 46. Kg2
Qd4 47. Rf8+ Kb7 48. Qb8+ Ka6 49. Qa8+ Kb5 50. Rf5+ Kb4 51. Qf8+ Kb3 52. Qa3+
1-0

[Event "SR 2. liga A 2018/2019"]
[Site "?"]
[Date "2018.12.16"]
[Round "6.1"]
[White "Pisk, Petr"]
[Black "Nicolini, Alexander"]
[Result "1/2-1/2"]
[WhiteElo "2332"]
[BlackElo "2150"]
[PlyCount "175"]
[EventDate "2018.??.??"]
[WhiteTeam "SK Modra B"]
[BlackTeam "Lokomotiva Trnava"]

1. d4 f5 2. Nc3 d5 3. Bf4 Nf6 4. e3 e6 5. Nf3 Be7 6. Nb5 Na6 7. c4 c6 8. Nc3
Nb8 9. Bd3 O-O 10. h3 Ne4 11. Qb3 Nd7 12. cxd5 cxd5 13. h4 Qb6 14. Ke2 Nd6 15.
Rac1 Qxb3 16. axb3 Nb6 17. Ne5 Rd8 18. Bg5 Kf8 19. Nb5 Ne8 20. g4 a6 21. Nc7
Rb8 22. gxf5 exf5 23. Bxe7+ Kxe7 24. Rhg1 g6 25. h5 gxh5 26. Nxe8 Rxe8 27. Rg7+
Kd6 28. Rxh7 Be6 29. Rxh5 Rf8 30. Rh6 f4 31. Rch1 fxe3 32. fxe3 Nd7 33. Ng6 Rf6
34. Nf4 Rg8 35. Rxf6 Nxf6 36. Rh6 Ke7 37. Rh1 Bf7 38. Kd2 Rg3 39. Rc1 Kd6 40.
Bf5 Be8 41. Rh1 Rg5 42. Bd3 Bf7 43. Rh2 Rg3 44. Rg2 Rxg2+ 45. Nxg2 a5 46. Kc3
Bh5 47. b4 axb4+ 48. Kxb4 Kc6 49. Nf4 Bf7 50. Bf5 b6 51. Nd3 Be8 52. Ne5+ Kd6
53. Bd3 Bh5 54. Kb5 Kc7 55. Ka6 Ng4 56. Nxg4 Bxg4 57. Kb5 Bd7+ 58. Kb4 Kd6 59.
Kc3 Bg4 60. Kd2 Ke7 61. Ke1 Kf6 62. Kf2 Bh5 63. Be2 Bf7 64. Kg3 Bg8 65. Kf4 Bf7
66. Bf3 Bg8 67. Bd1 Bh7 68. Ba4 Bd3 69. Bc6 Be4 70. Bd7 Bd3 71. Bh3 Bg6 72. Bg2
Bf7 73. e4 dxe4 74. Bxe4 Ke6 75. Ke3 Kd6 76. Kd3 Be6 77. Kc3 Bd7 78. Kb4 Be8
79. Bb7 Bd7 80. Ba6 Kd5 81. Kc3 Be8 82. Bc4+ Kd6 83. d5 Kc5 84. Ba2 Bg6 85. b4+
Kd6 86. Kc4 Be8 87. Bb1 Bd7 88. Kd4 1/2-1/2

[Event "SR 2. liga A 2018/2019"]
[Site "?"]
[Date "2018.12.16"]
[Round "6.2"]
[White "Kovacocy, Pavel"]
[Black "Banas, Kamil"]
[Result "1/2-1/2"]
[WhiteElo "2269"]
[BlackElo "2248"]
[PlyCount "51"]
[EventDate "2018.??.??"]
[WhiteTeam "Lokomotiva Trnava"]
[BlackTeam "SK Modra B"]

1. e4 c5 2. Nf3 d6 3. d4 cxd4 4. Nxd4 Nf6 5. f3 a6 6. c4 e5 7. Nc2 Be6 8. Nc3
Nc6 9. Be3 g6 10. Qd2 Qe7 11. b4 Rd8 12. b5 Nb8 13. Nb4 Bg7 14. Bg5 O-O 15.
bxa6 Nxa6 16. Nxa6 bxa6 17. Nd5 Bxd5 18. cxd5 Qb7 19. Bd3 Rb8 20. O-O Nd7 21.
Rab1 Qa7+ 22. Be3 Nc5 23. Qa5 Rxb1 24. Rxb1 Rc8 25. Rc1 Bh6 26. Bxc5 1/2-1/2

[Event "SR 2. liga A 2018/2019"]
[Site "?"]
[Date "2018.12.16"]
[Round "6.3"]
[White "Federic, Jozef"]
[Black "Veselsky, Jozef"]
[Result "1/2-1/2"]
[WhiteElo "2207"]
[BlackElo "2158"]
[PlyCount "126"]
[EventDate "2018.??.??"]
[WhiteTeam "SK Modra B"]
[BlackTeam "Lokomotiva Trnava"]

1. d4 d5 2. Nf3 Nf6 3. e3 e6 4. c4 Be7 5. Nbd2 O-O 6. Bd3 b6 7. O-O Bb7 8. Qe2
Nbd7 9. b3 Bd6 10. Bb2 Qe7 11. Ne5 Ba3 12. Bxa3 Qxa3 13. Ndf3 Qe7 14. Rac1 c5
15. cxd5 exd5 16. Nxd7 Nxd7 17. Qc2 g6 18. Bb5 Rac8 19. Bxd7 Qxd7 20. Ne5 Qe7
21. Qb2 f6 22. Nf3 c4 23. Nd2 Qb4 24. Rc3 cxb3 25. Rxb3 Qe7 26. Rc1 Qd7 27.
Rbc3 Rxc3 28. Rxc3 Rc8 29. a3 Ba6 30. Qc2 Rxc3 31. Qxc3 Qc8 32. Qxc8+ Bxc8 33.
Kf1 Kf7 34. Ke2 Ke6 35. Kd3 h5 36. h4 Ba6+ 37. Kc3 Kf5 38. f3 g5 39. g3 Be2 40.
Kc2 a5 41. Kc3 b5 42. Kc2 Ke6 43. Kc3 gxh4 44. gxh4 Kf5 45. Kc2 b4 46. axb4
axb4 47. Kb3 Bxf3 48. Nxf3 Ke4 49. Ne1 Kxe3 50. Nc2+ Kd3 51. Kxb4 Kxc2 52. Kc5
Kd3 53. Kxd5 f5 54. Ke5 f4 55. d5 f3 56. d6 f2 57. d7 f1=Q 58. d8=Q+ Ke2 59.
Qd4 Qf7 60. Qe4+ Kd2 61. Qg2+ Kd3 62. Qg3+ Kc4 63. Qg5 Kd3 1/2-1/2

[Event "SR 2. liga A 2018/2019"]
[Site "?"]
[Date "2018.12.16"]
[Round "6.4"]
[White "Puchart, Vladimir"]
[Black "Mydlarik, Martin"]
[Result "0-1"]
[WhiteElo "2027"]
[BlackElo "2088"]
[PlyCount "55"]
[EventDate "2018.??.??"]
[WhiteTeam "Lokomotiva Trnava"]
[BlackTeam "SK Modra B"]

1. d4 Nf6 2. c4 g6 3. Nc3 c5 4. d5 d6 5. e4 Bg7 6. Be2 O-O 7. Be3 b5 8. cxb5 a6
9. bxa6 Qa5 10. Qd2 Bxa6 11. Bxa6 Nxa6 12. Nf3 Rfb8 13. O-O Qb4 14. e5 Ng4 15.
e6 f5 16. Rab1 Nc7 17. Bg5 Nf6 18. Rfe1 Nb5 19. Qd3 c4 20. Qc2 Qc5 21. b4 Qc7
22. Nxb5 Rxb5 23. a4 Rxd5 24. Rec1 Rc8 25. b5 Ne4 26. Be3 Nc3 27. Ra1 Ra8 28.
Bd4 0-1

[Event "SR 2. liga A 2018/2019"]
[Site "?"]
[Date "2018.12.16"]
[Round "6.5"]
[White "Sobek, Michal"]
[Black "Szitkey, Milan"]
[Result "1-0"]
[WhiteElo "2013"]
[BlackElo "2089"]
[PlyCount "57"]
[EventDate "2018.??.??"]
[WhiteTeam "SK Modra B"]
[BlackTeam "Lokomotiva Trnava"]

1. e4 e6 2. Nf3 d5 3. e5 c5 4. b4 c4 5. c3 a5 6. bxa5 Qxa5 7. d3 b5 8. Be2 Ne7
9. Ba3 Nec6 10. Bxf8 Rxf8 11. O-O Nd7 12. d4 f6 13. Qc2 g6 14. exf6 Nxf6 15.
Ng5 Qa7 16. Re1 b4 17. Bf3 bxc3 18. Nxc3 Nxd4 19. Qd2 Nxf3+ 20. gxf3 Qe7 21.
Re5 Ra6 22. Rae1 h6 23. Nh3 g5 24. Nb5 Rb6 25. Nd4 Kf7 26. Nf5 Qc7 27. Nxh6+
Kg6 28. Qxg5+ Kh7 29. Qh4 1-0

[Event "SR 2. liga A 2018/2019"]
[Site "?"]
[Date "2018.12.16"]
[Round "6.6"]
[White "Mosny, Jaroslav"]
[Black "Antol, Ladislav"]
[Result "1/2-1/2"]
[WhiteElo "1901"]
[BlackElo "1965"]
[PlyCount "68"]
[EventDate "2018.??.??"]
[WhiteTeam "Lokomotiva Trnava"]
[BlackTeam "SK Modra B"]

1. d4 Nf6 2. Nf3 g6 3. c4 d6 4. Nc3 Bg7 5. e4 O-O 6. g3 e5 7. Bg2 Bg4 8. h3
Bxf3 9. Bxf3 Nc6 10. d5 Nd4 11. O-O c5 12. Kh2 Nd7 13. Bg2 Nb6 14. Qd3 f5 15.
f4 Nd7 16. Ne2 exf4 17. Bxf4 fxe4 18. Bxe4 Ne5 19. Bxe5 Bxe5 20. Nxd4 Bxd4 21.
Rxf8+ Qxf8 22. Rf1 Qe7 23. b3 Rf8 24. Rxf8+ Qxf8 25. Qf3 Qxf3 26. Bxf3 Kf7 27.
Kg2 Kf6 28. Be4 h5 29. h4 a6 30. a4 a5 31. Kf3 g5 32. hxg5+ Kxg5 33. Bh7 Bc3
34. Bc2 Be1 1/2-1/2

[Event "SR 2. liga A 2018/2019"]
[Site "?"]
[Date "2018.12.16"]
[Round "6.7"]
[White "Soldan, Jan"]
[Black "Doucha, Ludvig"]
[Result "1/2-1/2"]
[WhiteElo "1739"]
[BlackElo "1834"]
[PlyCount "42"]
[EventDate "2018.??.??"]
[WhiteTeam "SK Modra B"]
[BlackTeam "Lokomotiva Trnava"]

1. e4 e5 2. Nf3 d6 3. Bc4 c5 4. O-O Be7 5. Nc3 Nf6 6. d3 h6 7. h3 Nc6 8. Be3
O-O 9. Nh2 Nd4 10. Ne2 b5 11. Bb3 Nxe2+ 12. Qxe2 a5 13. a4 b4 14. f4 Be6 15.
fxe5 dxe5 16. Bxe6 fxe6 17. b3 Qd6 18. Ng4 Nxg4 19. Qxg4 Kh7 20. Kh2 Rxf1 21.
Rxf1 Rf8 1/2-1/2

[Event "SR 2. liga A 2018/2019"]
[Site "?"]
[Date "2018.12.16"]
[Round "6.8"]
[White "Babirat, Michal"]
[Black "Stevik, Patrik"]
[Result "1/2-1/2"]
[WhiteElo "1844"]
[BlackElo "1994"]
[PlyCount "59"]
[EventDate "2018.??.??"]
[WhiteTeam "Lokomotiva Trnava"]
[BlackTeam "SK Modra B"]

1. c4 Nf6 2. Nc3 g6 3. d4 Bg7 4. e4 d6 5. Nf3 O-O 6. Be2 c6 7. O-O Nbd7 8. Bf4
Nh5 9. Be3 e5 10. dxe5 Nxe5 11. Nxe5 Bxe5 12. Bxh5 Qh4 13. g3 Qxh5 14. Qxh5
gxh5 15. Rac1 Be6 16. b3 Kh8 17. f4 Bf6 18. f5 Bc8 19. Bf4 Re8 20. Bxd6 Bd4+
21. Kh1 Bxc3 22. Rxc3 Rxe4 23. Rd3 b5 24. cxb5 cxb5 25. Bc5 Bb7 26. Kg1 Re2 27.
Rf2 Re1+ 28. Rf1 Re2 29. Rf2 Re1+ 30. Rf1 1/2-1/2

[Event "SR 2. liga A 2018/2019"]
[Site "?"]
[Date "2019.02.03"]
[Round "7.1"]
[White "Gasa, Patrik"]
[Black "Danada, Tomas"]
[Result "1/2-1/2"]
[WhiteElo "2186"]
[BlackElo "2216"]
[PlyCount "46"]
[EventDate "2018.??.??"]
[WhiteTeam "SK Kupele Piestany"]
[BlackTeam "SK Nafta Gbely"]

1. e4 e6 2. d4 d5 3. Nc3 Bb4 4. e5 c5 5. a3 Bxc3+ 6. bxc3 Ne7 7. Qg4 Qc7 8.
Qxg7 Rg8 9. Qxh7 cxd4 10. Kd1 Nbc6 11. Nf3 Nxe5 12. Bf4 Qxc3 13. Nxe5 Qxa1+ 14.
Kd2 Qc3+ 15. Kd1 Rf8 16. Bb5+ Nc6 17. Nxf7 Rxf7 18. Bxc6+ bxc6 19. Qg8+ Rf8 20.
Qg6+ Kd7 21. Qg7+ Ke8 22. Qg6+ Kd7 23. Qg7+ Ke8 1/2-1/2

[Event "SR 2. liga A 2018/2019"]
[Site "?"]
[Date "2019.02.03"]
[Round "7.2"]
[White "Lintner, Igor"]
[Black "Abel, Peter"]
[Result "0-1"]
[WhiteElo "2192"]
[BlackElo "2211"]
[PlyCount "106"]
[EventDate "2018.??.??"]
[WhiteTeam "SK Nafta Gbely"]
[BlackTeam "SK Kupele Piestany"]

1. d4 Nf6 2. Bf4 d6 3. Nc3 g6 4. e4 Bg7 5. Qd2 h6 6. h4 c6 7. O-O-O Qa5 8. f3
h5 9. Nh3 Bxh3 10. Rxh3 Nbd7 11. Bc4 O-O 12. Bh6 b5 13. Bxg7 Kxg7 14. Be2 b4
15. Nb1 Qb6 16. g4 Rh8 17. gxh5 Nxh5 18. f4 Rag8 19. f5 Kf8 20. Rg1 Nhf6 21.
fxg6 Rxg6 22. Rxg6 fxg6 23. Qd3 c5 24. e5 dxe5 25. Qxg6 Qe6 26. Qg2 e4 27. dxc5
Nxc5 28. b3 Qf5 29. Qg3 Ncd7 30. Rh1 Qe5 31. Qe3 (31. Qxe5 Nxe5) 31... Qc5 32.
Qxc5 Nxc5 33. Kd2 Kf7 34. Ke3 Ke6 35. c4 Ke5 36. h5 Ne6 37. Nd2 Ng7 38. Kf2
Nfxh5 39. c5 Rf8+ 40. Ke1 Nf6 41. Bc4 Rc8 42. a3 a5 43. axb4 axb4 44. Ke2 Nf5
45. Ra1 Nd4+ 46. Kd1 Rxc5 47. Ra7 Nc6 48. Rb7 Kd4 49. Be6 Rh5 50. Rb6 Kc5 51.
Rb7 Rh1+ 52. Ke2 Nd4+ 53. Ke3 Nxe6 0-1

[Event "SR 2. liga A 2018/2019"]
[Site "?"]
[Date "2019.02.03"]
[Round "7.3"]
[White "Kundrik, Peter"]
[Black "Ambros, Rafael"]
[Result "1/2-1/2"]
[WhiteElo "2235"]
[BlackElo "1967"]
[PlyCount "59"]
[EventDate "2018.??.??"]
[WhiteTeam "SK Kupele Piestany"]
[BlackTeam "SK Nafta Gbely"]

1. e4 c5 2. Nf3 Nc6 3. Bb5 g6 4. O-O Bg7 5. c3 Nf6 6. Re1 O-O 7. d4 cxd4 8.
cxd4 a6 9. Ba4 b5 10. Bb3 Na5 11. Bc2 Bb7 12. Nc3 Rc8 13. a3 d6 14. h3 Qc7 15.
Bd3 Rfd8 16. Re2 Nc4 17. Rc2 Qd7 18. Qe2 Rc7 19. a4 Rdc8 20. axb5 axb5 21. b3
Nb6 22. Bb2 b4 23. Na4 Rxc2 24. Bxc2 Qc6 25. Bd3 Nxa4 26. Rxa4 Nxe4 27. Rxb4 d5
28. Ne5 Qc7 29. Ba6 Bxa6 30. Qxa6 1/2-1/2

[Event "SR 2. liga A 2018/2019"]
[Site "?"]
[Date "2019.02.03"]
[Round "7.4"]
[White "Brunovsky, Peter"]
[Black "Bincik, Pavol"]
[Result "1/2-1/2"]
[WhiteElo "1887"]
[BlackElo "1932"]
[PlyCount "81"]
[EventDate "2018.??.??"]
[WhiteTeam "SK Nafta Gbely"]
[BlackTeam "SK Kupele Piestany"]

1. c4 c6 2. Nf3 d5 3. g3 Nf6 4. Bg2 Bf5 5. O-O Nbd7 6. b3 Qb6 7. d3 e6 8. Nbd2
Be7 9. Bb2 O-O 10. h3 h6 11. Kh2 Rad8 12. Nh4 Bh7 13. f4 Ne8 14. Nhf3 f5 15.
Ne5 Nxe5 16. Bxe5 Bf6 17. Nf3 Nd6 18. Qc2 Bxe5 19. Nxe5 Nf7 20. Qb2 Qc7 21.
Nxf7 Rxf7 22. c5 d4 23. b4 g5 24. a4 gxf4 25. gxf4 e5 26. Rg1 Kf8 27. b5 e4 28.
Raf1 cxb5 29. Qxb5 Rd5 30. Qb4 Qxc5 31. Qxc5+ Rxc5 32. Rb1 b6 33. Rb4 Rd7 34.
Rd1 e3 35. Bf3 Kf7 36. Rdb1 Bg6 37. Rb5 Rxb5 38. Rxb5 Ke7 39. a5 bxa5 40. Rxa5
Rc7 41. Ra6 1/2-1/2

[Event "SR 2. liga A 2018/2019"]
[Site "?"]
[Date "2019.02.03"]
[Round "7.5"]
[White "Matulik, Daniel"]
[Black "Kubis, Ivan"]
[Result "1-0"]
[WhiteElo "2093"]
[BlackElo "1883"]
[PlyCount "77"]
[EventDate "2018.??.??"]
[WhiteTeam "SK Kupele Piestany"]
[BlackTeam "SK Nafta Gbely"]

1. Nf3 Nf6 2. d4 e6 3. e3 b6 4. Bd3 Bb7 5. O-O Be7 6. Nbd2 d5 7. Qe2 Nbd7 8. b3
O-O 9. Bb2 c5 10. c4 Rc8 11. Rac1 Re8 12. Rfd1 Bd6 13. e4 dxe4 14. Nxe4 Bxe4
15. Bxe4 Nxe4 16. Qxe4 f5 17. Qd3 Bf4 18. Rb1 Qc7 19. g3 Bh6 20. d5 e5 21. Qxf5
e4 22. Ng5 Bxg5 23. Qxg5 Ne5 24. Bxe5 Rxe5 25. Qf4 Qd6 26. Rb2 Rf8 27. Qg4 h5
28. Qh4 e3 29. fxe3 Rxe3 30. Rf2 Rxf2 31. Kxf2 Qe5 32. Rd2 Re4 33. Qd8+ Kh7 34.
Qf8 h4 35. Qf3 Re1 36. Re2 hxg3+ 37. hxg3 Rxe2+ 38. Qxe2 Qd4+ 39. Qe3 1-0

[Event "SR 2. liga A 2018/2019"]
[Site "?"]
[Date "2019.02.03"]
[Round "7.6"]
[White "Valla, Tomas"]
[Black "Manak, Jozef"]
[Result "0-1"]
[WhiteElo "1875"]
[BlackElo "1961"]
[PlyCount "42"]
[EventDate "2018.??.??"]
[WhiteTeam "SK Nafta Gbely"]
[BlackTeam "SK Kupele Piestany"]

1. e4 c5 2. c3 d6 3. d4 b6 4. Bd3 Nc6 5. Ne2 a6 6. O-O g6 7. Be3 Bg7 8. a3 Nf6
9. Qd2 Ng4 10. Bg5 cxd4 11. cxd4 Nxd4 12. Nxd4 Bxd4 13. Bb5+ axb5 14. Qxd4 f6
15. Bd2 Be6 16. f4 Ra4 17. b4 Bc4 18. Nc3 e5 19. Qxc4 bxc4 20. Nxa4 b5 21. Nc3
Qb6+ 0-1

[Event "SR 2. liga A 2018/2019"]
[Site "?"]
[Date "2019.02.03"]
[Round "7.7"]
[White "Manak, Adrian"]
[Black "Danada, Ondrej"]
[Result "1-0"]
[WhiteElo "1942"]
[BlackElo "1869"]
[PlyCount "87"]
[EventDate "2018.??.??"]
[WhiteTeam "SK Kupele Piestany"]
[BlackTeam "SK Nafta Gbely"]

1. e4 c6 2. d4 d5 3. Nc3 dxe4 4. Nxe4 Bf5 5. Ng3 Bg6 6. h4 h6 7. Nf3 Nd7 8. h5
Bh7 9. Bd3 Bxd3 10. Qxd3 Qc7 11. Bd2 Ngf6 12. c4 e6 13. O-O-O O-O-O 14. Ne4
Nxe4 15. Qxe4 c5 16. Qe2 cxd4 17. Nxd4 Nb6 18. Nb5 Qxc4+ 19. Qxc4+ Nxc4 20.
Nxa7+ Kc7 21. Bf4+ Bd6 22. Nb5+ Kc6 23. Nxd6 Nxd6 24. Kb1 Nc4 25. Rc1 Kb5 26.
b3 Nb6 27. Rc7 Rd7 28. Rxd7 Nxd7 29. Rc1 Nc5 30. a4+ Kb4 31. Rc4+ Kxb3 32. Rxc5
Rd8 33. Rb5+ Kxa4 34. Rxb7 e5 35. Bg3 g5 36. Rxf7 Rd1+ 37. Kc2 Rh1 38. Kd3 Rxh5
39. Ke4 Rh1 40. Bxe5 Rg1 41. Kf3 h5 42. Rg7 g4+ 43. Kg3 h4+ 44. Kh2 1-0

[Event "SR 2. liga A 2018/2019"]
[Site "?"]
[Date "2019.02.03"]
[Round "7.8"]
[White "Zajicek, Ferdinand"]
[Black "Musaev, Matej Elbek"]
[Result "0-1"]
[WhiteElo "1729"]
[BlackElo "1754"]
[PlyCount "48"]
[EventDate "2018.??.??"]
[WhiteTeam "SK Nafta Gbely"]
[BlackTeam "SK Kupele Piestany"]

1. e4 c5 2. Nf3 d6 3. d4 cxd4 4. Nxd4 Nf6 5. Nc3 a6 6. Be3 e6 7. Bd3 b5 8. a3
Bb7 9. O-O Nbd7 10. f3 Be7 11. Qd2 O-O 12. Nce2 d5 13. exd5 Nxd5 14. Bf2 Ne5
15. Be4 Nc4 16. Qc1 Bg5 17. f4 Nxf4 18. Bxh7+ Kxh7 19. Nxf4 e5 20. Nde6 fxe6
21. Nxe6 Bxc1 22. Nxd8 Raxd8 23. Rfxc1 Rd2 24. Bg3 Rxg2+ 0-1

[Event "SR 2. liga A 2018/2019"]
[Site "?"]
[Date "2019.02.03"]
[Round "7.1"]
[White "Koutny, Petr"]
[Black "Jablonicky, Martin"]
[Result "1-0"]
[WhiteElo "2205"]
[BlackElo "2308"]
[PlyCount "87"]
[EventDate "2018.??.??"]
[WhiteTeam "SK Skalica"]
[BlackTeam "SK Osuske B"]

1. e4 c5 2. Nf3 e6 3. d4 cxd4 4. Nxd4 Nf6 5. Nc3 Bb4 6. e5 Nd5 7. Qg4 O-O 8.
Bh6 g6 9. Bxf8 Qxf8 10. Qg3 Nxc3 11. bxc3 Ba5 12. Nb3 Bc7 13. f4 f6 14. Bd3
fxe5 15. O-O exf4 16. Qg5 Nc6 17. Rf3 Qe7 18. Qh6 Qg7 19. Qg5 d5 20. Bb5 e5 21.
Bxc6 bxc6 22. Re1 Bf5 23. Nd4 Bb6 24. Kh1 exd4 25. Rxf4 Bd8 26. Re8+ Kf7 27.
Rxd8 Rxd8 28. Qxd8 Qe5 29. Rf1 dxc3 30. Qh4 h5 31. Rb1 Qf6 32. Rb7+ Ke6 33. Qa4
Be4 34. Qxc6+ Kf5 35. Qc5 Kg4 36. h3+ Kh4 37. Rb1 Qg5 38. Qf2+ Qg3 39. Rf1 g5
40. Kg1 d4 41. Rd1 d3 42. cxd3 Qxf2+ 43. Kxf2 c2 44. Rh1 1-0

[Event "SR 2. liga A 2018/2019"]
[Site "?"]
[Date "2019.02.03"]
[Round "7.2"]
[White "Karas, Marek"]
[Black "Stanec, Stanislav"]
[Result "1/2-1/2"]
[WhiteElo "2261"]
[BlackElo "2045"]
[PlyCount "262"]
[EventDate "2018.??.??"]
[WhiteTeam "SK Osuske B"]
[BlackTeam "SK Skalica"]

1. d4 Nf6 2. Bf4 e6 3. Nf3 d5 4. e3 Be7 5. Bd3 Nbd7 6. Nbd2 c5 7. c3 O-O 8. Ne5
Re8 9. Qf3 Qb6 10. Rb1 Nxe5 11. Bxe5 Bd7 12. O-O Bb5 13. c4 dxc4 14. Nxc4 Qc6
15. Qxc6 Bxc6 16. Bxf6 gxf6 17. dxc5 Bxc5 18. Na5 Red8 19. Nxc6 Rxd3 20. Na5 b6
21. Nb3 Rd5 22. Rfd1 Rad8 23. Rxd5 Rxd5 24. Kf1 Kg7 25. Ke2 f5 26. Rc1 Bd6 27.
f4 Kg6 28. Rc8 Kg7 29. Rd8 Kf6 30. Rd7 a5 31. g3 Kg6 32. Rb7 Rb5 33. Rd7 Bf8
34. Rd2 Bg7 35. Kd3 e5 36. fxe5 Bxe5 37. Nd4 Rc5 38. b3 h6 39. Rf2 Bf6 40. a3
Be7 41. Ra2 h5 42. b4 Rd5 43. Rb2 h4 44. gxh4 Bxh4 45. bxa5 bxa5 46. Rb6+ f6
47. Ke2 Bg5 48. Nf3 Rc5 49. h4 Bh6 50. Kd3 Bf8 51. a4 Rd5+ 52. Ke2 Bb4 53. Rc6
Kf7 54. Rc4 Kg6 55. Nd4 Rd6 56. Kf3 Rd5 57. Rc6 Rd6 58. Rc8 Rd5 59. Ne6 Rd1 60.
Nf4+ Kg7 61. Rc7+ Kg8 62. Nh5 Rf1+ 63. Kg2 Rd1 64. Nxf6+ Kf8 65. h5 Be7 66.
Nd7+ Ke8 67. Ne5 Bf6 68. Rc5 Rd2+ 69. Kg3 Rd1 70. Nf3 Rh1 71. Rxf5 Bc3 72. Kf4
Ra1 73. h6 Rxa4+ 74. e4 Ra1 75. Rc5 Bb2 76. h7 Rh1 77. Rxa5 Bc1+ 78. Kf5 Rxh7
79. Ra8+ Kf7 80. Ne5+ Kg7 81. Ra7+ Kg8 82. Ra2 Rb7 83. Ng4 Bb2 84. e5 Bxe5 85.
Nxe5 Kg7 86. Ra6 Kh7 87. Kf6 Rb1 88. Ra8 Rf1+ 89. Kg5 Rg1+ 90. Ng4 Kg7 91. Ra7+
Kf8 92. Kf5 Ke8 93. Ne5 Rh1 94. Ke4 Rd1 95. Nc6 Rh1 96. Kd5 Kf8 97. Nd4 Rh5+
98. Ke6 Rh6+ 99. Ke5 Rh5+ 100. Nf5 Rh1 101. Kf6 Ke8 102. Ng7+ Kd8 103. Ne6+ Kc8
104. Ke5 Rd1 105. Nf4 Rd7 106. Ra1 Rh7 107. Kd5 Rd7+ 108. Ke6 Rh7 109. Rc1+ Kb7
110. Kd6 Rh6+ 111. Ne6 Ka6 112. Rb1 Ka5 113. Kd5 Rh5+ 114. Kc4 Ka6 115. Nc7+
Ka7 116. Nd5 Rh4+ 117. Kc5 Rh6 118. Rg1 Rh7 119. Rg5 Rb7 120. Nb4 Rh7 121. Rg6
Rc7+ 122. Kb5 Rb7+ 123. Ka5 Rh7 124. Rg5 Kb7 125. Kb5 Kc7 126. Kc5 Kb7 127. Nd5
Ka7 128. Rg2 Kb7 129. Rb2+ Ka7 130. Rb6 Rc7+ 131. Kb5 Rb7 1/2-1/2

[Event "SR 2. liga A 2018/2019"]
[Site "?"]
[Date "2019.02.03"]
[Round "7.3"]
[White "Horak, Ivan"]
[Black "Jozefek, Michal"]
[Result "1-0"]
[WhiteElo "1985"]
[BlackElo "2201"]
[PlyCount "91"]
[EventDate "2018.??.??"]
[WhiteTeam "SK Skalica"]
[BlackTeam "SK Osuske B"]

1. e4 c5 2. Nc3 Nc6 3. f4 e6 4. Nf3 d5 5. e5 a6 6. a4 Nge7 7. g3 h5 8. Bg2 Nf5
9. Bh3 Be7 10. O-O g6 11. Re1 Rb8 12. b3 b6 13. Ba3 Bb7 14. Bg2 Ba8 15. Bf1 Qc8
16. Rc1 Na7 17. d3 b5 18. axb5 axb5 19. Nb1 d4 20. Nbd2 h4 21. g4 Ne3 22. Rxe3
dxe3 23. Ne4 Bxe4 24. dxe4 Qc6 25. Bd3 c4 26. Bxe7 Kxe7 27. Be2 Rbd8 28. Qe1
Qc5 29. f5 Nc6 30. fxg6 fxg6 31. bxc4 bxc4 32. Rb1 Nxe5 33. Nxe5 Qxe5 34. Qb4+
Rd6 35. Qxc4 Rhd8 36. Qc7+ R8d7 37. Qc8 Qf4 38. Rf1 Rd1 39. Bxd1 Rxd1 40. Qc5+
Kf7 41. Qc7+ Kg8 42. Qxf4 e2 43. Qf7+ Kh8 44. Qf6+ Kh7 45. Qxh4+ Kg8 46. Re1
1-0